000 00495nam a2200193Ia 4500
003 OSt
005 20230610112219.0
008 210423s1992 xx 000 0 und d
040 _cAL
082 _a340 CLAI
_223
245 _aIndustrial disputes act 1947
260 _aBombay
_bUniversal Law Publications
_c1992
300 _a49
_bPB
365 _b12
_cINR
650 _aLaw
_9123132
650 _aSocial Sciences
_9123133
906 _a1947 ; act ; disputes ; Industrial
942 _2ddc
_cBK
999 _c174169
_d174169